000 00464nam a22001817a 4500
003 OSt
005 20260213122258.0
008 210607b ||||| |||| 00| 0 eng d
020 _a9780241950425
082 _a813.54
_bSA3C
100 _aSalinger, J D
245 _aThe Catcher in the rye
_cby J.D. Salinger
260 _aGurgaon (Haryana)
_bPenguin Books India
_c2010.
300 _a229p.
546 _aEnglish
650 _aAmerican fiction
942 _2ddc
_cBK
999 _c24314
_d24314